[Event "ChFRA - National B"]
[Site "Aix-les-Bains"]
[Date "2007.08.17"]
[Round "5.3"]
[White "Cornette, Matthieu"]
[Black "Maze, Sebastien"]
[Result "1/2-1/2"]
[WhiteElo "2487"]
[BlackElo "2530"]
[PlyCount "23"]
[EventDate "2007.08.13"]
[EventType "tourn"]
[EventRounds "11"]
[EventCountry "FRA"]
[Source "lmi"]
[SourceDate "2007.08.13"]

1. e4 c5 2. Nc3 Nc6 3. Bb5 g6 4. Bxc6 bxc6 5. d3 Bg7 6. Nge2 e5 7. O-O d6 8. f4
exf4 9. Bxf4 Ne7 10. Qd2 h6 11. Rae1 Be6 12. Ng3 1/2-1/2

[Event "ChFRA - National B"]
[Site "Aix-les-Bains"]
[Date "2007.08.17"]
[Round "5.4"]
[White "Libiszewski, Fabien"]
[Black "Prie, Eric"]
[Result "1/2-1/2"]
[WhiteElo "2469"]
[BlackElo "2518"]
[PlyCount "83"]
[EventDate "2007.08.13"]
[EventType "tourn"]
[EventRounds "11"]
[EventCountry "FRA"]
[Source "lmi"]
[SourceDate "2007.08.13"]

1. e4 d5 2. exd5 Qxd5 3. Nc3 Qa5 4. d4 Nf6 5. Nf3 c6 6. Bc4 Bf5 7. Bd2 e6 8.
Nd5 Qd8 9. Nxf6+ gxf6 10. c3 Nd7 11. Nh4 Nb6 12. Bb3 Bd3 13. Bf4 Ba6 14. Bc2
Nd5 15. Bg3 Qb6 16. Bb3 Nb4 17. Qf3 Nd3+ 18. Kd2 O-O-O 19. Qxf6 Nc5 20. Kc1
Nxb3+ 21. axb3 Qxb3 22. Nf5 Bd3 23. Ne3 a6 24. Qxf7 Rd7 25. Qe8+ Rd8 26. Qf7
Rd7 27. Qh5 Rd5 28. Qd1 Rb5 29. Qxb3 Rxb3 30. Rd1 Bg6 31. Be5 Rg8 32. f4 h5 33.
g3 Be7 34. Rd2 Kd7 35. Nc4 Bf5 36. Ne3 Be4 37. Rd1 Rb5 38. Ra2 Rb3 39. Kd2 a5
40. Kc1 b6 41. Rg1 Rb5 42. Ra4 1/2-1/2

[Event "ChFRA - National B"]
[Site "Aix-les-Bains"]
[Date "2007.08.17"]
[Round "5.5"]
[White "Abergel, Thal"]
[Black "Edouard, Romain"]
[Result "1/2-1/2"]
[WhiteElo "2512"]
[BlackElo "2483"]
[PlyCount "68"]
[EventDate "2007.08.13"]
[EventType "tourn"]
[EventRounds "11"]
[EventCountry "FRA"]
[Source "lmi"]
[SourceDate "2007.08.13"]

1. d4 d5 2. Nf3 Nf6 3. c4 dxc4 4. e3 e6 5. Bxc4 c5 6. O-O a6 7. a4 Nc6 8. Nc3
Qc7 9. Qe2 Bd6 10. Rd1 O-O 11. dxc5 Bxc5 12. h3 e5 13. Nd5 Nxd5 14. Bxd5 Nb4
15. Bc4 Qe7 16. e4 Nc6 17. Bg5 Qc7 18. Be3 Bxe3 19. Qxe3 Be6 20. Bd5 Rfe8 21.
Rac1 Qa5 22. b3 Rad8 23. Qd2 Bxd5 24. exd5 e4 25. Nh2 Qxd2 26. Rxd2 Rd7 27. Ng4
Red8 28. Ne3 Ne7 29. d6 Nc8 30. Rc4 Kf8 31. Rxe4 Rxd6 32. Rc2 Ne7 33. Rb4 R8d7
34. Rbc4 Rc6 1/2-1/2

[Event "ChFRA - National B"]
[Site "Aix-les-Bains"]
[Date "2007.08.17"]
[Round "5.6"]
[White "Kouatly, Bachar"]
[Black "Govciyan, Pavel"]
[Result "0-1"]
[WhiteElo "2475"]
[BlackElo "2430"]
[PlyCount "64"]
[EventDate "2007.08.13"]
[EventType "tourn"]
[EventRounds "11"]
[EventCountry "FRA"]
[Source "lmi"]
[SourceDate "2007.08.13"]

1. d4 Nf6 2. c4 c5 3. d5 b5 4. cxb5 a6 5. e3 g6 6. Nc3 Bg7 7. a4 O-O 8. Qb3 e6
9. bxa6 Nxa6 10. dxe6 fxe6 11. e4 d5 12. Nf3 Nxe4 13. Nxe4 dxe4 14. Ng5 Bd4 15.
f4 Nb4 16. Bd2 Rb8 17. Nxe6 Bxe6 18. Qxe6+ Kg7 19. Bb5 Nc2+ 20. Ke2 Nxa1 21.
Rxa1 e3 22. Be1 Rxf4 23. Rd1 Rb6 24. Qh3 Qd5 25. b3 Qxb3 26. Qd7+ Rf7 27. Rxd4
Qb2+ 28. Kxe3 Rxd7 29. Rxd7+ Kh6 30. Bd2 g5 31. h4 c4 32. Ke2 Re6+ 0-1

[Event "ChFRA - National B"]
[Site "Aix-les-Bains"]
[Date "2007.08.18"]
[Round "6.1"]
[White "Crut, Aurelien"]
[Black "Colin, Vincent"]
[Result "1/2-1/2"]
[WhiteElo "2350"]
[BlackElo "2425"]
[PlyCount "91"]
[EventDate "2007.08.13"]
[EventType "tourn"]
[EventRounds "11"]
[EventCountry "FRA"]
[Source "lmi"]
[SourceDate "2007.08.13"]

1. e4 c5 2. Nf3 g6 3. c3 Bg7 4. d4 cxd4 5. cxd4 d5 6. exd5 Nf6 7. Bb5+ Nbd7 8.
d6 O-O 9. dxe7 Qxe7+ 10. Be2 Re8 11. Nc3 Ne4 12. Nxe4 Qxe4 13. Be3 Nb6 14. Bd3
Qd5 15. O-O Bg4 16. Be2 Rac8 17. b3 Qd6 18. h3 Bd7 19. Rc1 Nd5 20. Rxc8 Bxc8
21. Bd2 Qa3 22. Bb5 Rd8 23. Qa1 a6 24. Bc4 b5 25. Bxd5 Rxd5 26. Qc1 Qf8 27. Re1
Be6 28. Qc6 Rd6 29. Qc5 Rd7 30. Qxf8+ Kxf8 31. Bb4+ Kg8 32. Bc5 h6 33. Ne5 Bxe5
34. Rxe5 Kg7 35. f3 Kf6 36. Kf2 h5 37. h4 Rd5 38. Rxd5 Bxd5 39. g4 a5 40. Bb6
a4 41. bxa4 bxa4 42. a3 Ke6 43. Kg3 f6 44. Kf4 Bc6 45. Bd8 Bb7 46. gxh5 1/2-1/2

[Event "ChFRA - National B"]
[Site "Aix-les-Bains"]
[Date "2007.08.18"]
[Round "6.2"]
[White "Edouard, Romain"]
[Black "Cornette, Matthieu"]
[Result "1/2-1/2"]
[WhiteElo "2483"]
[BlackElo "2487"]
[PlyCount "59"]
[EventDate "2007.08.13"]
[EventType "tourn"]
[EventRounds "11"]
[EventCountry "FRA"]
[Source "lmi"]
[SourceDate "2007.08.13"]

1. e4 e5 2. Nf3 Nc6 3. Bc4 Nf6 4. d3 Bc5 5. c3 a6 6. Nbd2 O-O 7. h3 h6 8. Bb3
d6 9. Nf1 Be6 10. Ng3 Qd7 11. Nh4 Kh7 12. Bc2 g6 13. Nf3 d5 14. d4 dxe4 15.
Nxe5 Nxe5 16. dxe5 e3 17. Bxe3 Bxe3 18. fxe3 Qd5 19. Qxd5 Nxd5 20. Ke2 Nb6 21.
Ne4 Nd7 22. Nf6+ Kg7 23. Nxd7 Bxd7 24. Be4 Rfe8 25. Rad1 Bb5+ 26. Kf2 Rab8 27.
Rd5 c6 28. Rd7 Rxe5 29. Bf3 Bc4 30. b3 1/2-1/2

[Event "ChFRA - National B"]
[Site "Aix-les-Bains"]
[Date "2007.08.18"]
[Round "6.3"]
[White "Shoker, Samy"]
[Black "Govciyan, Pavel"]
[Result "0-1"]
[WhiteElo "2318"]
[BlackElo "2430"]
[PlyCount "70"]
[EventDate "2007.08.13"]
[EventType "tourn"]
[EventRounds "11"]
[EventCountry "FRA"]
[Source "lmi"]
[SourceDate "2007.08.13"]

1. g3 d5 2. Bg2 Nf6 3. d3 c5 4. Nf3 Nc6 5. O-O e6 6. Nbd2 Be7 7. e4 O-O 8. Re1
b5 9. e5 Nd7 10. c4 bxc4 11. dxc4 Nb6 12. h4 Qc7 13. cxd5 exd5 14. Nf1 Be6 15.
Bg5 h6 16. Bxe7 Qxe7 17. Rc1 a5 18. a3 a4 19. Qc2 Ra5 20. Qc3 Rb5 21. N1d2 Rb8
22. Bf1 c4 23. Nd4 Nxd4 24. Qxd4 Nd7 25. Rc2 Qc5 26. Qc3 Qb6 27. Bxc4 dxc4 28.
Nxc4 Bxc4 29. Qxc4 Nxe5 30. Qc3 f6 31. Re4 Rb3 32. Qc7 Rxg3+ 33. Kh2 Qxc7 34.
Rxc7 Rg4 35. f4 Rxb2+ 0-1

[Event "ChFRA - National B"]
[Site "Aix-les-Bains"]
[Date "2007.08.18"]
[Round "6.4"]
[White "Shchekachev, Andrei"]
[Black "Libiszewski, Fabien"]
[Result "1/2-1/2"]
[WhiteElo "2541"]
[BlackElo "2469"]
[PlyCount "67"]
[EventDate "2007.08.13"]
[EventType "tourn"]
[EventRounds "11"]
[EventCountry "FRA"]
[Source "lmi"]
[SourceDate "2007.08.13"]

1. Nf3 Nf6 2. c4 g6 3. Nc3 Bg7 4. e4 d6 5. d4 O-O 6. Be2 e5 7. Be3 Na6 8. O-O
c6 9. Re1 Ng4 10. Bg5 Qe8 11. h3 h6 12. Bc1 exd4 13. Nxd4 Ne5 14. Be3 Nc5 15.
Qd2 Kh7 16. Nb3 Ned7 17. Bf1 Nxe4 18. Nxe4 Qxe4 19. Bxa7 Qh4 20. Bd4 Bxd4 21.
Nxd4 Qf6 22. a4 Rd8 23. a5 d5 24. cxd5 Nc5 25. Rad1 Rxd5 26. Bc4 Rd8 27. Qc3
Be6 28. Bxe6 Nxe6 29. Nxe6 Qxc3 30. bxc3 Rxd1 31. Rxd1 fxe6 32. Rd7+ Kg8 33.
Rxb7 Rxa5 34. Re7 1/2-1/2

[Event "ChFRA - National B"]
[Site "Aix-les-Bains"]
[Date "2007.08.18"]
[Round "6.5"]
[White "Maze, Sebastien"]
[Black "Kouatly, Bachar"]
[Result "1/2-1/2"]
[WhiteElo "2530"]
[BlackElo "2475"]
[PlyCount "78"]
[EventDate "2007.08.13"]
[EventType "tourn"]
[EventRounds "11"]
[EventCountry "FRA"]
[Source "lmi"]
[SourceDate "2007.08.13"]

1. e4 c5 2. Nf3 e6 3. d4 cxd4 4. Nxd4 Nf6 5. Nc3 Nc6 6. Nxc6 bxc6 7. e5 Nd5 8.
Ne4 Qc7 9. f4 c5 10. c4 Nb4 11. Be2 Bb7 12. Bf3 Rd8 13. a3 Bxe4 14. Bxe4 Nc6
15. Be3 Be7 16. O-O a5 17. Kh1 O-O 18. Qf3 Nd4 19. Qh3 g6 20. Rad1 Rb8 21. Rf2
Rb3 22. Rd3 Rfb8 23. Bxd4 Rxd3 24. Bxd3 cxd4 25. Qf3 Rb3 26. Qe2 d6 27. exd6
Bxd6 28. g3 Kg7 29. Kg1 h5 30. Qc2 a4 31. Kf1 h4 32. Qe2 Qc6 33. Ke1 hxg3 34.
hxg3 Qh1+ 35. Rf1 Qh3 36. Rf3 Qh1+ 37. Rf1 Qh3 38. Rf3 Qh1+ 39. Rf1 Qh3 1/2-1/2

[Event "ChFRA - National B"]
[Site "Aix-les-Bains"]
[Date "2007.08.18"]
[Round "6.6"]
[White "Prie, Eric"]
[Black "Abergel, Thal"]
[Result "1/2-1/2"]
[WhiteElo "2518"]
[BlackElo "2512"]
[PlyCount "81"]
[EventDate "2007.08.13"]
[EventType "tourn"]
[EventRounds "11"]
[EventCountry "FRA"]
[Source "lmi"]
[SourceDate "2007.08.13"]

1. d4 c5 2. d5 g6 3. e4 Bg7 4. Nf3 d6 5. Bb5+ Nd7 6. a4 Ngf6 7. Nc3 O-O 8. O-O
a6 9. Be2 Rb8 10. Re1 Qc7 11. Bf4 Ne8 12. Qd2 Ne5 13. a5 Bd7 14. Bg5 Nxf3+ 15.
Bxf3 Bb5 16. Na4 Bf6 17. Be3 Bxa4 18. Rxa4 b6 19. axb6 Qxb6 20. Ra2 Nc7 21. c3
Qb3 22. Rea1 Rb7 23. Bd1 Qc4 24. Ra4 Qb5 25. R1a2 Rfb8 26. g3 Qd7 27. Kg2 Bg7
28. h3 Qe8 29. Kh2 Qc8 30. Be2 Bf6 31. Qc1 h5 32. h4 Qd7 33. Ra5 Rb3 34. Kg2
Qc8 35. Bc4 R3b7 36. Be2 Rb3 37. Qd2 Qb7 38. Bxa6 Nxa6 39. Rxa6 Rxb2 40. Rxb2
Qxb2 41. Ra8 1/2-1/2

[Event "ChFRA - National B"]
[Site "Aix-les-Bains"]
[Date "2007.08.19"]
[Round "7.1"]
[White "Libiszewski, Fabien"]
[Black "Crut, Aurelien"]
[Result "1-0"]
[WhiteElo "2469"]
[BlackElo "2350"]
[PlyCount "65"]
[EventDate "2007.08.13"]
[EventType "tourn"]
[EventRounds "11"]
[EventCountry "FRA"]
[Source "lmi"]
[SourceDate "2007.08.13"]

1. e4 e5 2. Nf3 Nc6 3. Nc3 Nf6 4. Bb5 Bb4 5. O-O O-O 6. d3 d6 7. Bg5 Bxc3 8.
bxc3 Ne7 9. Nh4 c6 10. Ba4 Ng6 11. Nxg6 hxg6 12. f4 exf4 13. Bb3 d5 14. Rxf4
Be6 15. d4 Qc7 16. Rxf6 gxf6 17. Bxf6 Qf4 18. e5 Qe3+ 19. Kh1 Rfc8 20. Qf1 Qxc3
21. Rd1 Kf8 22. Bh4 Ke8 23. Be1 Qe3 24. Qf6 Kd7 25. c4 Qe2 26. Bb4 Re8 27. Re1
Qb2 28. cxd5 cxd5 29. Ba4+ Kc7 30. Bd6+ Kb6 31. Qf1 Bf5 32. Re3 Bc2 33. Rb3+
1-0

[Event "ChFRA - National B"]
[Site "Aix-les-Bains"]
[Date "2007.08.19"]
[Round "7.3"]
[White "Colin, Vincent"]
[Black "Shoker, Samy"]
[Result "0-1"]
[WhiteElo "2425"]
[BlackElo "2318"]
[PlyCount "102"]
[EventDate "2007.08.13"]
[EventType "tourn"]
[EventRounds "11"]
[EventCountry "FRA"]
[Source "lmi"]
[SourceDate "2007.08.13"]

1. e4 g6 2. d4 Bg7 3. Nc3 d6 4. f4 Nf6 5. Nf3 O-O 6. Bd3 Na6 7. O-O c5 8. d5
Rb8 9. e5 Nd7 10. e6 fxe6 11. dxe6 Nf6 12. f5 Nb4 13. fxg6 Nxd3 14. Qxd3 Bxe6
15. Ng5 Qd7 16. gxh7+ Kh8 17. Bd2 Ng4 18. Nce4 Bf5 19. Bc3 Ne5 20. Qg3 Rbc8 21.
Rae1 b5 22. Nf3 Nxf3+ 23. Rxf3 e5 24. Nxd6 Qxd6 25. Rxe5 Bg6 26. Re8 Qxg3 27.
Rfxf8+ Kxh7 28. Rxc8 Qe3+ 29. Rf2 Bxc3 30. bxc3 Bxc2 31. h3 Bd3 32. Rcf8 Qe1+
33. Kh2 Qxc3 34. R8f7+ Kg6 35. Re7 Bc4 36. Rf3 Qd2 37. Rxa7 Qd6+ 38. Rg3+ Kf6
39. Rh7 Qf4 40. Rh5 Qc7 41. Rh6+ Ke7 42. a3 Bd3 43. Ra6 Qf4 44. Ra7+ Ke6 45.
Ra8 c4 46. Re8+ Kd7 47. Ree3 Qd6 48. h4 Qxa3 49. Rg7+ Kc6 50. h5 Qd6+ 51. Kh3
Qh6 0-1

[Event "ChFRA - National B"]
[Site "Aix-les-Bains"]
[Date "2007.08.19"]
[Round "7.4"]
[White "Cornette, Matthieu"]
[Black "Prie, Eric"]
[Result "1-0"]
[WhiteElo "2487"]
[BlackElo "2518"]
[PlyCount "121"]
[EventDate "2007.08.13"]
[EventType "tourn"]
[EventRounds "11"]
[EventCountry "FRA"]
[Source "lmi"]
[SourceDate "2007.08.13"]

1. e4 e5 2. Nf3 Nf6 3. Nxe5 d6 4. Nf3 Nxe4 5. d4 d5 6. Bd3 Nc6 7. O-O Be7 8.
Nc3 Nxc3 9. bxc3 Bg4 10. Re1 O-O 11. Bf4 h6 12. Rb1 b6 13. h3 Bh5 14. g4 Bg6
15. Bb5 Na5 16. Ne5 Bd6 17. Bg3 c6 18. Bd3 Bxd3 19. cxd3 Qc7 20. Qf3 Rae8 21.
Kg2 Re6 22. Re3 Rfe8 23. Rbe1 Nb7 24. h4 Nd8 25. Nxf7 Rxe3 26. Bxd6 Rxf3 27.
Rxe8+ Kxf7 28. Bxc7 Rxf2+ 29. Kxf2 Kxe8 30. Bb8 Kd7 31. h5 Ne6 32. Be5 Ke7 33.
g5 Kf7 34. gxh6 gxh6 35. Kg3 c5 36. dxc5 Nxc5 37. Bf4 Kg7 38. Bb8 a6 39. Be5+
Kf7 40. Bf4 Kg7 41. Be3 Nxd3 42. Bxb6 Nc1 43. a4 Nd3 44. Kg4 Kf6 45. Bd4+ Ke6
46. Bg7 Nc5 47. Bxh6 Nxa4 48. Be3 Nxc3 49. Bd4 Nb5 50. h6 Nd6 51. h7 Nf7 52.
Kf4 a5 53. Bc3 a4 54. Bd4 a3 55. Kg4 a2 56. Kh5 Kf5 57. Ba1 Ke6 58. Kg6 Ke7 59.
Kg7 Ke6 60. Kf8 Ne5 61. Bxe5 1-0

[Event "ChFRA - National B"]
[Site "Aix-les-Bains"]
[Date "2007.08.19"]
[Round "7.5"]
[White "Abergel, Thal"]
[Black "Shchekachev, Andrei"]
[Result "1-0"]
[WhiteElo "2512"]
[BlackElo "2541"]
[PlyCount "57"]
[EventDate "2007.08.13"]
[EventType "tourn"]
[EventRounds "11"]
[EventCountry "FRA"]
[Source "lmi"]
[SourceDate "2007.08.13"]

1. e4 c5 2. Nf3 e6 3. Nc3 a6 4. d4 cxd4 5. Nxd4 Nc6 6. Nxc6 bxc6 7. Bd3 d5 8.
O-O Nf6 9. Re1 Be7 10. e5 Nd7 11. Qg4 g6 12. Bh6 Rb8 13. Rab1 c5 14. Nxd5 exd5
15. e6 Rb6 16. exd7+ Bxd7 17. Qg3 Be6 18. Rbd1 Bf8 19. Bg5 Be7 20. Bc4 d4 21.
Qe5 O-O 22. Bh6 Bf6 23. Qxc5 Re8 24. Bb3 Rb5 25. Qc6 Rb6 26. Qf3 a5 27. Ba4 Bd7
28. Bxd7 Qxd7 29. Qd5 1-0

[Event "ChFRA - National B"]
[Site "Aix-les-Bains"]
[Date "2007.08.19"]
[Round "7.6"]
[White "Govciyan, Pavel"]
[Black "Maze, Sebastien"]
[Result "1-0"]
[WhiteElo "2430"]
[BlackElo "2530"]
[PlyCount "295"]
[EventDate "2007.08.13"]
[EventType "tourn"]
[EventRounds "11"]
[EventCountry "FRA"]
[Source "lmi"]
[SourceDate "2007.08.13"]

1. d4 Nf6 2. c4 g6 3. Nc3 Bg7 4. Nf3 O-O 5. Bg5 d6 6. e3 Nbd7 7. Qc2 e5 8. dxe5
dxe5 9. Be2 c6 10. O-O Qe7 11. a3 a5 12. Rab1 h6 13. Bh4 Re8 14. b4 axb4 15.
axb4 Nf8 16. c5 g5 17. Bg3 Ng6 18. Nd2 h5 19. f3 Nd5 20. Bf2 Be6 21. Nce4 Ra7
22. Bc4 Rea8 23. b5 g4 24. fxg4 hxg4 25. bxc6 bxc6 26. Nd6 Qg5 27. N2e4 Qh6 28.
Qd3 f5 29. Ng3 e4 30. Qd2 Be5 31. Rb6 Rh7 32. h3 gxh3 33. Ndxf5 Qg5 34. Rxc6
hxg2 35. Bxd5 gxf1=Q+ 36. Kxf1 Ra1+ 37. Kg2 Qxf5 38. Bxe6+ Qxe6 39. Qd8+ Kf7
40. Rxe6 Nh4+ 41. Qxh4 Rxh4 42. Rxe5 Ra4 43. Ne2 Rg4+ 44. Kh3 Rg6 45. Nf4 Rc6
46. Bh4 Ra3 47. Rxe4 Rxc5 48. Re7+ Kg8 49. Kg4 Rac3 50. Bf6 Rc7 51. Re4 Rb3 52.
Bd4 Kf7 53. Ne6 Rc1 54. Ng5+ Kf8 55. Rf4+ Ke7 56. Re4+ Kd7 57. Nf3 Rb8 58. Kf5
Rb5+ 59. Be5 Rf1 60. Rd4+ Ke7 61. Rf4 Ra5 62. Ke4 Ra4+ 63. Bd4 Rh1 64. Rg4 Rh7
65. Ne5 Ra6 66. Bc5+ Kd8 67. Kd5 Kc7 68. Rc4 Ra5 69. Kd4 Ra6 70. Bb4+ Kb7 71.
Bc5 Kc7 72. Rc1 Rh2 73. Nc4 Rh7 74. e4 Rd7+ 75. Ke3 Rh7 76. e5 Kc6 77. Bd4 Kd5
78. Kd3 Rh3+ 79. Ne3+ Ke6 80. Rc3 Rh5 81. Ke4 Rh4+ 82. Kd3 Rh5 83. Rc5 Ra3+ 84.
Ke2 Rh2+ 85. Kf3 Rh3+ 86. Kf4 Rh4+ 87. Ng4 Ra6 88. Rb5 Rh1 89. Kg5 Rf1 90. Nf6
Rd1 91. Be3 Re1 92. Bf4 Rg1+ 93. Ng4 Rc6 94. Rb8 Rh1 95. Rf8 Ke7 96. Ra8 Ke6
97. Ra7 Rh8 98. Rg7 Rhc8 99. Ne3 R8c7 100. Rg8 Rc8 101. Rg7 R8c7 102. Rg6+ Kf7
103. e6+ Rxe6 104. Rxe6 Kxe6 105. Bxc7 Kd7 106. Be5 Ke6 107. Kf4 Kd7 108. Ke4
Kc6 109. Kd4 Kb6 110. Kd5 Kb7 111. Nc4 Ka7 112. Kc6 Ka8 113. Nb6+ Ka7 114. Bd6
Ka6 115. Bb8 Ka5 116. Bd6 Ka6 117. Bb8 Ka5 118. Nc4+ Kb4 119. Kd5 Kb5 120. Ba7
Ka6 121. Bc5 Kb7 122. Nd6+ Ka8 123. Kc6 Kb8 124. Ne8 Kc8 125. Bb6 Kb8 126. Nc7
Kc8 127. Ba7 Kd8 128. Bc5 Kc8 129. Na6 Kd8 130. Nb8 Ke8 131. Kd6 Kf7 132. Ke5
Ke8 133. Bb6 Kf7 134. Kf5 Ke7 135. Bc7 Kf7 136. Nc6 Kf8 137. Kf6 Ke8 138. Ne5
Kf8 139. Nf7 Ke8 140. Ke6 Kf8 141. Be5 Ke8 142. Bd4 Kf8 143. Nd6 Kg8 144. Kf6
Kf8 145. Bc5 Kg8 146. Nf5 Kh7 147. Kf7 Kh8 148. Kg6 1-0

[Event "ChFRA - National B"]
[Site "Aix-les-Bains"]
[Date "2007.08.21"]
[Round "8.1"]
[White "Shchekachev, Andrei"]
[Black "Cornette, Matthieu"]
[Result "1-0"]
[WhiteElo "2541"]
[BlackElo "2487"]
[PlyCount "64"]
[EventDate "2007.08.13"]
[EventType "tourn"]
[EventRounds "11"]
[EventCountry "FRA"]
[Source "lmi"]
[SourceDate "2007.08.13"]

1. c4 Nf6 2. Nc3 e5 3. Nf3 Nc6 4. d3 Bb4 5. Bd2 O-O 6. e3 d5 7. cxd5 Nxd5 8.
Qc2 Nxc3 9. Bxc3 Bxc3+ 10. Qxc3 Qe7 11. Be2 Bf5 12. O-O Rad8 13. a3 Rd6 14.
Rfc1 Rfd8 15. Ne1 e4 16. d4 Qh4 17. g3 Qh3 18. Bf1 Qh5 19. Qb3 g5 20. Ng2 Rh6
21. h4 Rdd6 22. Rc5 Ne7 23. Qxb7 Kg7 24. Re1 gxh4 25. Nxh4 Qg4 26. Qxc7 Nd5 27.
Qb8 Bd7 28. Bg2 f5 29. Qb7 Ne7 30. Rc7 f4 31. Qxe4 Rde6 32. Qf3 Rd6 1-0

[Event "ChFRA - National B"]
[Site "Aix-les-Bains"]
[Date "2007.08.21"]
[Round "8.2"]
[White "Colin, Vincent"]
[Black "Libiszewski, Fabien"]
[Result "1-0"]
[WhiteElo "2425"]
[BlackElo "2469"]
[PlyCount "48"]
[EventDate "2007.08.13"]
[EventType "tourn"]
[EventRounds "11"]
[EventCountry "FRA"]
[Source "lmi"]
[SourceDate "2007.08.13"]

1. c4 Nf6 2. g3 g6 3. Bg2 Bg7 4. Nc3 O-O 5. e4 d6 6. Nge2 c5 7. O-O Nc6 8. d3
Ne8 9. Be3 Nc7 10. d4 cxd4 11. Nxd4 Nxd4 12. Bxd4 Bxd4 13. Qxd4 Ne6 14. Qe3 Bd7
15. Rfd1 Qc8 16. Nd5 Re8 17. Rac1 Qc5 18. e5 dxe5 19. Qxc5 Nxc5 20. Nc7 Bg4 21.
Rd5 Nd7 22. Nxa8 Rxa8 23. Rb5 Nb6 24. c5 Bd7 1-0

[Event "ChFRA - National B"]
[Site "Aix-les-Bains"]
[Date "2007.08.21"]
[Round "8.3"]
[White "Shoker, Samy"]
[Black "Maze, Sebastien"]
[Result "0-1"]
[WhiteElo "2318"]
[BlackElo "2530"]
[PlyCount "82"]
[EventDate "2007.08.13"]
[EventType "tourn"]
[EventRounds "11"]
[EventCountry "FRA"]
[Source "lmi"]
[SourceDate "2007.08.13"]

1. g3 Nf6 2. Bg2 g6 3. Nf3 Bg7 4. O-O O-O 5. d3 c5 6. e4 Nc6 7. c3 d6 8. Re1
Bg4 9. Nbd2 Qd7 10. a4 h6 11. a5 Rab8 12. Nc4 Ne8 13. Ne3 Bh3 14. d4 Bxg2 15.
Kxg2 cxd4 16. cxd4 Nc7 17. d5 Nb4 18. h4 h5 19. Nc2 Nxc2 20. Qxc2 Rfc8 21. Qe2
Qb5 22. Qxb5 Nxb5 23. a6 b6 24. e5 Kf8 25. Ra4 dxe5 26. Rb4 Nd6 27. Bd2 f6 28.
Bc3 Rc5 29. Rd1 Rbc8 30. Ne1 Nb5 31. f4 Nxc3 32. bxc3 exf4 33. Rxf4 Rxc3 34.
Nf3 Bh6 35. Re4 Re3 36. Rxe3 Bxe3 37. Rd3 Rc2+ 38. Kh3 Bc5 39. Nd2 Ra2 40. g4
Rxa6 41. gxh5 gxh5 0-1

[Event "ChFRA - National B"]
[Site "Aix-les-Bains"]
[Date "2007.08.21"]
[Round "8.4"]
[White "Prie, Eric"]
[Black "Kouatly, Bachar"]
[Result "1/2-1/2"]
[WhiteElo "2518"]
[BlackElo "2475"]
[PlyCount "130"]
[EventDate "2007.08.13"]
[EventType "tourn"]
[EventRounds "11"]
[EventCountry "FRA"]
[Source "lmi"]
[SourceDate "2007.08.13"]

1. d4 Nf6 2. Bg5 c5 3. d5 Ne4 4. Bc1 e6 5. c4 b5 6. cxb5 Qa5+ 7. Bd2 Nxd2 8.
Nxd2 exd5 9. e4 Be7 10. exd5 O-O 11. Ngf3 a6 12. Qb3 Bf6 13. b6 Re8+ 14. Kd1 c4
15. Bxc4 Bb7 16. d6 Rf8 17. Re1 Nc6 18. Ne4 Bd8 19. Rc1 Qh5 20. Ng3 Qg6 21. Qd3
Qxd3+ 22. Bxd3 Bxb6 23. Re2 g6 24. Ne4 f5 25. Nc5 Bxc5 26. Rxc5 Rf6 27. Rd2 Re8
28. a3 Kg7 29. Bc4 h6 30. b4 g5 31. Bb3 Re4 32. Bc2 Ree6 33. Rxf5 Rxd6 34. Rxf6
Rxd2+ 35. Nxd2 Kxf6 36. Be4 Ke5 37. Bf3 d5 38. Nb3 Nd4 39. Nxd4 Kxd4 40. Kd2
Bc6 41. Bd1 Bb5 42. g3 Bd7 43. Bc2 Bb5 44. f4 gxf4 45. gxf4 Bd7 46. f5 Ke5 47.
Bd3 Bb5 48. Ke3 h5 49. h4 Bxd3 50. Kxd3 Kxf5 51. a4 Ke5 52. Ke3 Ke6 53. Kf4 Kd6
54. Kf5 Kd7 55. Kg5 Ke6 56. Kxh5 Kf5 57. b5 d4 58. bxa6 d3 59. a7 d2 60. a8=Q
d1=Q+ 61. Kh6 Qd6+ 62. Kg7 Qe7+ 63. Kg8 Qe6+ 64. Kf8 Qh6+ 65. Kg8 Qg6+ 1/2-1/2

[Event "ChFRA - National B"]
[Site "Aix-les-Bains"]
[Date "2007.08.21"]
[Round "8.5"]
[White "Edouard, Romain"]
[Black "Govciyan, Pavel"]
[Result "1/2-1/2"]
[WhiteElo "2483"]
[BlackElo "2430"]
[PlyCount "41"]
[EventDate "2007.08.13"]
[EventType "tourn"]
[EventRounds "11"]
[EventCountry "FRA"]
[Source "lmi"]
[SourceDate "2007.08.13"]

1. e4 e5 2. Nf3 Nc6 3. Bb5 Nge7 4. Nc3 d6 5. d4 exd4 6. Nxd4 Bd7 7. Bxc6 Nxc6
8. Nxc6 bxc6 9. Bf4 Be7 10. O-O O-O 11. e5 Bf5 12. Qf3 Qd7 13. Rac1 f6 14. exd6
cxd6 15. h3 Rfe8 16. Rfd1 Rad8 17. Na4 d5 18. Be3 Be4 19. Qg4 Qc7 20. Qe2 Bd6
21. Qf1 1/2-1/2

[Event "ChFRA - National B"]
[Site "Aix-les-Bains"]
[Date "2007.08.21"]
[Round "8.6"]
[White "Crut, Aurelien"]
[Black "Abergel, Thal"]
[Result "0-1"]
[WhiteElo "2350"]
[BlackElo "2512"]
[PlyCount "52"]
[EventDate "2007.08.13"]
[EventType "tourn"]
[EventRounds "11"]
[EventCountry "FRA"]
[Source "lmi"]
[SourceDate "2007.08.13"]

1. e4 c5 2. Nf3 d6 3. d4 cxd4 4. Qxd4 Nc6 5. Bb5 Bd7 6. Bxc6 Bxc6 7. Nc3 h6 8.
Be3 e5 9. Qd3 Nf6 10. O-O-O Be7 11. h3 O-O 12. g4 Qa5 13. Nh4 d5 14. Nf5 Bb4
15. Bxh6 Bxc3 16. Ne7+ Kh8 17. exd5 Bxb2+ 18. Kxb2 Qb4+ 19. Ka1 Qxe7 20. dxc6
gxh6 21. cxb7 Rab8 22. Qe3 Rxb7 23. Qxh6+ Nh7 24. Qe3 Rc8 25. Qd3 Qc5 26. Rd2
Qb4 0-1

[Event "ChFRA - National B"]
[Site "Aix-les-Bains"]
[Date "2007.08.22"]
[Round "9.1"]
[White "Libiszewski, Fabien"]
[Black "Shoker, Samy"]
[Result "1/2-1/2"]
[WhiteElo "2469"]
[BlackElo "2318"]
[PlyCount "111"]
[EventDate "2007.08.13"]
[EventType "tourn"]
[EventRounds "11"]
[EventCountry "FRA"]
[Source "lmi"]
[SourceDate "2007.08.13"]

1. e4 g6 2. d4 Bg7 3. Nc3 d6 4. Be3 a6 5. f4 b5 6. Nf3 Bb7 7. Bd3 Nd7 8. e5 c5
9. Be4 Bxe4 10. Nxe4 cxd4 11. Bxd4 dxe5 12. fxe5 Nf8 13. Nfg5 Nh6 14. c3 Ne6
15. Nxe6 fxe6 16. Nc5 Qd5 17. Qb3 O-O 18. O-O-O Bxe5 19. Bxe5 Qxc5 20. Qxe6+
Nf7 21. Rhe1 Rfe8 22. Rd4 Qc8 23. Qb3 Qc6 24. Rf4 e6 25. Bd4 Rad8 26. h4 Rd5
27. Rfe4 a5 28. a4 bxa4 29. Qb6 Qxb6 30. Bxb6 a3 31. bxa3 e5 32. c4 Rc8 33. Kb1
Rd3 34. c5 Rxa3 35. Rd1 Rb3+ 36. Ka2 Rg3 37. Rc4 Rxg2+ 38. Kb3 Rc6 39. Rd7 h5
40. Ka4 Rb2 41. Kxa5 Kf8 42. Re4 Ke8 43. Rd1 Ke7 44. Ka6 Ke6 45. Ra4 Kf5 46.
Rf1+ Ke6 47. Rg1 Kf5 48. Raa1 g5 49. Raf1+ Kg6 50. hxg5 Nxg5 51. Rf8 Kh6 52.
Rh8+ Nh7 53. Re8 Nf6 54. Rh8+ Nh7 55. Re8 Nf6 56. Rh8+ 1/2-1/2

[Event "ChFRA - National B"]
[Site "Aix-les-Bains"]
[Date "2007.08.22"]
[Round "9.2"]
[White "Maze, Sebastien"]
[Black "Edouard, Romain"]
[Result "1/2-1/2"]
[WhiteElo "2530"]
[BlackElo "2483"]
[PlyCount "52"]
[EventDate "2007.08.13"]
[EventType "tourn"]
[EventRounds "11"]
[EventCountry "FRA"]
[Source "lmi"]
[SourceDate "2007.08.13"]

1. e4 c5 2. c3 Nf6 3. e5 Nd5 4. Nf3 Nc6 5. Bc4 e6 6. O-O d6 7. d4 cxd4 8. cxd4
Be7 9. a3 O-O 10. Qe2 Qb6 11. Qe4 Na5 12. Bd3 f5 13. exf6 Nxf6 14. Qh4 Nb3 15.
Ra2 Nxc1 16. Rxc1 g6 17. Nc3 Qd8 18. Re1 d5 19. Qh6 Ng4 20. Qd2 Bd6 21. h3 Rxf3
22. hxg4 Rf4 23. Be2 Rxf2 24. Kxf2 Qh4+ 25. Kf1 Qh1+ 26. Kf2 Qh4+ 1/2-1/2